La identidad de nuestra América
Uloženo v:
| Hlavní autor: | |
|---|---|
| Médium: | Kniha |
| Jazyk: | Undetermined |
| Vydáno: |
Heredia, Costa Rica
Departamento de Filosofía, Universidad Nacional
2001
|
| Témata: | |
| Tagy: |
Přidat tag
Žádné tagy, Buďte první, kdo vytvoří štítek k tomuto záznamu!
|
MARC
| LEADER | 00000nam a2200000Ia 4500 | ||
|---|---|---|---|
| 008 | 170316s9999 xx 000 0 und d | ||
| 040 | |a cru BVZT | ||
| 090 | |a C-860 M-3i | ||
| 100 | |a Mora Rodríguez, Arnoldo | ||
| 245 | |a La identidad de nuestra América | ||
| 260 | |a Heredia, Costa Rica | ||
| 260 | |b Departamento de Filosofía, Universidad Nacional | ||
| 260 | |c 2001 | ||
| 300 | |a 115 páginas | ||
| 650 | |a LITERATURA LATINOAMERICANA | ||
| 650 | |a CRÍTICA | ||
| 650 | |a FINALES SIGLO XIX | ||
| 650 | |a BOLIVAR | ||
| 650 | |a JOSE MARTI | ||
| 650 | |a ALEJO CARPENTIER | ||
| 650 | |a SIGLO XX | ||
| 999 | |c 13072 |d 13072 | ||
| 942 | |c 15 D |h C-860 M-3i |2 z | ||
